Dominican Republic: Provinces & Municipalities - Statistics

General Stats
  • This quiz has been taken 57 times
    53 since last reset
  • The average score is 31 of 63
Answer Stats
Municipality/Provinces % Correct
Azua
85%
Barahona
85%
Barahona
85%
La Romana
77%
La Romana
77%
Santo Domingo
77%
Bahoruco
69%
Hato Mayor
69%
Baní
62%
El Seibo
62%
El Seibo
62%
La Altagracia
62%
Monte Cristi
62%
Monte Cristi
62%
Monte Plata
62%
Monte Plata
62%
Samaná
62%
Higüey
54%
Monseñor Nouel
54%
Pedernales
54%
Pedernales
54%
Peravia
54%
Puerto Plata
54%
Puerto Plata
54%
San Cristóbal
54%
San Cristóbal
54%
Santiago
54%
Bonao
46%
Cotuí
46%
Duarte
46%
Espaillat
46%
Jimaní
46%
La Vega
46%
La Vega
46%
Mao
46%
María Trinidad Sánchez
46%
Neiba
46%
Sabaneta
46%
Sánchez Ramírez
46%
San José de Ocoa
46%
San José de Ocoa
46%
Santiago de los Caballeros
46%
Valverde
46%
Azua de Compostela
38%
Elías Piña
38%
Hermanas Mirabal
38%
Moca
38%
Nagua
38%
Salcedo
38%
San Francisco de Macorís
38%
San Pedro de Macorís
38%
San Pedro de Macorís
38%
Comendador
31%
Dajabón
31%
Dajabón
31%
Distrito Nacional
31%
Hato Mayor del Rey
31%
Independencia
31%
San Juan
31%
Santiago Rodríguez
31%
San Juan de la Maguana
23%
Santo Domingo de Guzmán
23%
Santa Bárbara de Samaná
15%
No matching quizzes found
Score Distribution
Percent of People with Each Score
Percentile by Number Answered
Your Score History
You have not taken this quiz since the last reset